LEADER 02246nam a2200385 u 4500 001 000000016163 003 CaOOAMICUS 005 20070226105949.0 008 940517m19461948be u000 u fre u 035 $a10378669 040 $aPUL$bita 100 1 $aGhellinck, Joseph de,$cS.I.,$d1872-1950.$0(OLS)http://pul/name/950 245 10$aPatristique et moyen âge :$bétudes d'histoire littéraire et doctrinale /$cJ. de Ghellinck. 260 $aGembloux :$bJ. Duculot ;$aBruxelles :$bÉdition Universelle ;$aParis :$bDesclée de Brouwer,$c1946-1948. 300 $a3 v. ;$c24 cm 490 1 $aMuseum Lessianum.$aSection historique ;$vn. 6, 7, 9 500 $aComprende indici. 505 0 $at. 1. Les recherches sur les origines du Symbole des Apôtres -- t. 2. Introduction et compléments à l'étude de la patristique -- t. 3. Compléments à l'étude de la patristique. 630 04$aSymbolum apostolorum.$0(OLS)http://pul/subject/4869 650 4$aPatristica.$0(OLS)http://pul/subject/538 830 0$aMuseum Lessianum.$pSection historique ;$vn. 6, 7, 9.$0(OLS)http://pul/title/3918 850 $aPUL 852 $aPUL$W1$xDP1 Fondo Maccarrone$y58$m1501 G 16$j22774$nBK-PRI$b $qFondi$B22774$CPULBib$Z2$F22774 $H $81 852 $aPUL$W1$xDP2 Religione 1$y63$m22 B 18$j159742$nBK-PRI$at.1$qStampati$B22775$CPULBib$Z2$F22775 $H11927 $81 852 $aPUL$W1$xDP2 Religione 1$y63$m22 B 20$j159744$nBK-PRI$at.3$qStampati$B22777$CPULBib$Z2$F22777 $H12286 $81 852 $aPUL$W1$xDP2 Religione 1$y63$m22 B 19$j159748$nBK-PRI$at.2$qStampati$B22776$CPULBib$Z2$F22776 $H11928 $82 941 1 $a8 941 1 $a1 961 $aINV: 00492 -- Fondo Mons. M. Maccarrone 961 $aINV: 11927-8, 12286. 961 $aINV: 11927-8, 12286. 996 $6245$aPatristique et moyen âge :$bétudes d'histoire littéraire et doctrinale$9(OLS)http://pul/title/23077 996 $6260$aGembloux :$bJ. Duculot$9(OLS)http://pul/publisher/48451 996 $6260$aBruxelles :$bÉdition Universelle$9(OLS)http://pul/publisher/53073 996 $6260$aParis :$bDesclée de Brouwer$9(OLS)http://pul/publisher/49456 LEADER 00995nam a2200241 u 4500 001 000000027189 003 CaOOAMICUS 005 20070226111648.0 008 960116s1952 enk u000 u eng u 035 $a10704998 040 $aAAR$bita$dPUL(R) 100 1 $aJolowicz, Herbert Felix,$dn. 1890.$0(OLS)http://pul/name/22293 245 10$aHistorical introduction to the study of Roman law /$cby H. F. Jolowicz. 260 $aCambridge :$bUniversity press,$c1952. 300 $axxv, 596 p. ;$c24 cm 500 $aContiene indici. 504 $aBibliografia in nota. 650 0$aRoman law$xHistory.$0(OLS)http://pul/subject/1407 850 $aPUL 852 $aPUL$W1$xDP2 Diritto e Scienze Sociali 1$y65$m184 D 39$j37875$nBK-PRI$qStampati$B37875$CPULBib$Z2$F37875 $H15489 $82 941 1 $a8 996 $6245$aHistorical introduction to the study of Roman law$9(OLS)http://pul/title/37270 996 $6260$aCambridge :$bUniversity press$9(OLS)http://pul/publisher/59628